| 000 | 00851nam a2200229Ia 4500 | ||
|---|---|---|---|
| 003 | OSt | ||
| 005 | 20220928133054.0 | ||
| 006 | a|||||r|||| 00| 0 | ||
| 007 | ta | ||
| 008 | 220927b |||||||| |||| 00| 0 eng d | ||
| 024 | _a66513 | ||
| 037 | _cTextual | ||
| 040 |
_aSDCL _cSDCL _beng |
||
| 041 |
_2eng _aeng |
||
| 082 | _aO15x, P6.1-.7 | ||
| 100 |
_aSatya Vrat Shastri _9484387 |
||
| 245 | 0 | _aDiscovery of sanskrit treasures. 7V | |
| 260 |
_aDelhi _bYash Publisher _c2006 |
||
| 490 | _vV1.Grammar and linguistics (296p.) V2. Epics and Puranas (138p.) V3. Classical sanskrit literature (276p.) V4. Modern sanskrit literature (216p.) V5. Philosophy and religion (198p.) V6. South-East Asia studies (237p.) V7. Society and culture (198p.) | ||
| 942 |
_hO15x, P6.1-.7 _cTEXL _2CC |
||
| 999 |
_c797741 _d797741 |
||